| 000 | 01145cam a2200289 a 4500 | ||
|---|---|---|---|
| 001 | 16541866 | ||
| 003 | NUST | ||
| 005 | 20221028151339.0 | ||
| 008 | 101117s2011 nju b 000 0 eng | ||
| 010 | _a 2010046990 | ||
| 020 | _a9781855349971 (pbk.) | ||
| 040 |
_aDLC _cDLC _dDLC |
||
| 042 | _apcc | ||
| 050 | 0 | 0 |
_aPR2879 _b.L66 2011 |
| 082 | 0 | 0 |
_a822.33 _bSHA |
| 245 | 1 | 4 |
_aThe complete works of William Shakespeare / _cAdam Long, Daniel Singer, and Jess Winfield. |
| 260 |
_aMontclair, NJ : _bApplause Theatre and Cinema Books, _c2010. |
||
| 300 |
_a 751 p. ; _c24cm. |
||
| 500 | _aRevised ed. of The Reduced Shakespeare Company's the complete works of William Shakespeare (abridged) / by Jess Borgeson, Adam Long, and Daniel Singer, c1994. | ||
| 504 | _aIncludes bibliographical references (p. [vii]-viii). | ||
| 600 | 1 | 0 |
_aShakespeare, William, _d1564-1616 _vAdaptations. _9101670 |
| 700 | 1 |
_aSinger, Daniel. _9101671 |
|
| 700 | 1 |
_aWinfield, Jess. _9101672 |
|
| 906 |
_a7 _bcbc _corignew _d1 _eecip _f20 _gy-gencatlg |
||
| 942 |
_2ddc _cBK |
||
| 999 |
_c592085 _d592085 |
||